00563nam a2200157Ia 4500008004100000020001800041041000800059082001200067100002000079245006500099260004000164300000900204500001000213999001700223952016500240220803s9999 xx 000 0 und d a9781568989464 aeng a720 FIS aFisher T925524 aEthics For Architects : 50 Dilemmas Of Professional Practice aNew YorkbArchitectrual Pressc2010 a152p aARCHI c16300d16300 001040708Book of B ArchaBNCAbBNCAd2016-12-21eSuyog Enterprisesg1209.68l0o720.2 FISpBNCA-BK-9996r2022-08-03 00:00:00v1209.68w2016-12-12yBKzB09996